Countries with the tallest buildings. - Statistics

General Stats
  • This quiz has been taken 21 times
  • The average score is 14 of 15
Answers on the Map
Answers color-coded by a green-red scale on the quiz's map according to % correct below.
 
Answer Stats
No. Answer Building % Correct
3. China Shanghai Tower
100%
5. China Ping An Financial Centere
100%
8. China Guangzhou CTF Finance Centre
100%
9. China Tianjin CTF Finance Centre
100%
10. China China Zun
100%
12. China Shanghai World Financial Center
100%
13. China International Commerce Centre
100%
14. China Wuhan Greenland Center
100%
15. Russia Lakhta Center
100%
1. United Arab Emirates Burj Khalifa
100%
7. United States of America One World Trade Center
100%
4. Saudi Arabia The Clock Towers
95%
2. Malaysia Merdeka 118
84%
11. Taiwan Taipei 101
84%
6. South Korea Lotte World Tower
79%
No matching quizzes found
Score Distribution
Percent of People with Each Score
Percentile by Number Answered
Your Score History
You have not taken this quiz